000 00588nam a2200205Ia 4500
005 20250923144649.0
008 008 250917s9999 xx 000 0 eng d
037 _aTextual
040 _aDSWL
_beng
_cDSWL
041 _aeng
_2eng
084 _aV2:2:N5, J7
_qDSWL
100 _aAlexandrwicz, C H
_9827138
245 0 _aConstitutional developments in India
_cby C.H.Alexandrwicz
260 _aOxford
_b Oxford University Press
_c1957
300 _aix,256p.
365 _aINR
_b12
925 _g12
942 _cTEXL
_hV2:2:N5, J7
999 _c1441781
_d1441781